| 000 | 00520nam a22001817a 4500 | ||
|---|---|---|---|
| 003 | CEME | ||
| 005 | 20210628202802.0 | ||
| 008 | 210204b xxu||||| |||| 00| 0 eng d | ||
| 020 | _a0-471-18407-1 | ||
| 040 | _c. | ||
| 082 | _a621.3848 BRO | ||
| 100 |
_aBrookner, E _961610 |
||
| 245 | _aTracking and kalman filtering made easy | ||
| 260 |
_aJOHN WILEY _bJOHN WILEY _c1998 |
||
| 300 | _aXXII,477P | ||
| 650 |
_aKALMAN FILTERING. TRACKING RADAR- MATHEMATICS. ELECTRONIC FILTERS-MATHEMATICS _961611 |
||
| 942 |
_cBK _2ddc |
||
| 999 |
_c571008 _d571008 |
||